000 00478nam a2200181Ia 4500
003 GCL
008 140319s9999 xx 000 0 eng d
040 _aGCL /
_cGCL
082 0 4 _a617
_bF D
100 1 _aFORREST, A. P. M.
245 1 0 _aPRINCIPLES AND PRACTICE OF SURGERY /
_cFORREST, A. P. M.
700 1 _aCATTER, D. C.
700 1 _aMACLEOD, I. B.
260 _a[S.N] :
_bELBS CHURCHILL LIVINGSTONE ،
_c1992
300 _a729\P
650 0 4 _aSURGERY
942 _2ddc
_cBK
999 _c20040
_d20040